Desátý kongres Evropské oftalmologické společnosti (Milano, 25.-29. června 1995

Bibliographic Details
Main Author: Souček, Petr, 1965- (Author)
Format: Article
Language:Slovak
Czech
ISSN:0009-059X
Subjects:

MARC

LEADER 00000nab a2200000 a 4500
001 vtls000615312
003 SK-MaSNL
005 20260304092509.0
008 250425c1996 xo 0 slo
015 |a SNBRB19rr/mm-uuuuu 
035 |a CL0615451 
035 |a urn:nbn:sk:snk-abajq1 
035 |a (urnnbn)urn:nbn:sk:snk:ar-007pd1 
035 |a (uuid)94617ffb-5a8a-4d97-82f5-40cc7e330677 
040 |a SNKBUCL  |b slo  |c SNKBUCL  |e AACR2 
041 0 |a cze 
044 |a xo  |c SK 
080 |a 617.7:061.22(4):061.3  |2 1981 
100 1 |a Souček, Petr,  |d 1965-  |4 aut  |9 12881 
245 1 0 |a Desátý kongres Evropské oftalmologické společnosti (Milano, 25.-29. června 1995  |c Petr Souček 
650 0 7 |a Európska oftalmologická spoločnosť  |2 snkbucl  |9 1386376 
655 7 |a články z novín a časopisov  |2 snkbucl  |9 267496 
773 0 |t Česká a slovenská oftalmologie  |g Roč. 52, č. 3 (1996), s. 192-194  |x 0009-059X 
850 |a Slovenská národná knižnica 
852 |a Slovenská národná knižnica 
954 |a odborná, vedecká literatúra cudzojazyčná (svetová)  |2 lita 
958 |a article14 
958 |a OND 
958 |a NX 
958 |a MI 
958 |a RK 
958 |a EUIPO 
999 |c 2819313  |d 2821243